| 000 | 00583nam a2200181 i 4500 | ||
|---|---|---|---|
| 001 | 23120 | ||
| 003 | ES-MaACL | ||
| 005 | 20250828134918.0 | ||
| 007 | t| | ||
| 008 | 021209s1917 sp ||||1| spa d | ||
| 100 | 1 |
_aAlvarez, Eduardo. _920626 |
|
| 245 | 1 | 3 |
_aLa hora del ensueño _b: poesías / _cEduardo Alvarez (hijo). |
| 260 |
_aOrense : _bImprenta de A. Otero, _c1917. |
||
| 852 |
_aES-MaACL _j1486-F-5 |
||
| 856 |
_uhttp://bdh-rd.bne.es/viewer.vm?id=0000250596&page=1 _yVersión en línea _z(Biblioteca Digital Hispánica) |
||
| 942 | _2udc | ||
| 999 |
_c23120 _d23120 |
||